Normal view
MARC view
- Mansfield, Katherine,
Entry Nombre Personal
001 - NUMERO DE CONTROL
- campo de control: 17519
003 - IDENTIFICADOR DE NUMERO DE CONTROL
- campo de control: UPN
005 - FECHA Y HORA DE LA ÜLTIMA TRANSACCIÓN
- campo de control: 20220622101101.0
008 - DATOS DE LONGITUD FIJA
- campo de control de longitud fija: 220622nn acannaabn n ana d
035 ## - NUMERO DE CONTROL
- Número de control: UPN10000017527
040 ## - FUENTE DE CATALOGACIÓN
- Lenguaje de catalogación: SPA
- Agencia de transcripción: UPN
- Agencia original de catalogación: UPN
100 1# - ENCABEZAMIENTO - NOMBRE PERSONAL
- Nombre personal: Mansfield, Katherine,
- Fechas asociadas con el nombre: 1888-1923
- Subdivisión de forma: Diarios
670 ## - FUENTE EN LA QUE SE LOCALIZARON DATOS
- Cita de la fuente: T/P
- Información localizada: Salvat universal
902 ## - CATALOGADOR
- Catalogador: MMA/170211
